000 01180nam a2200325 c 4500
999 _c45852
_d45852
003 BLK
005 20250624173934.0
008 180408b bul|||||r ||||||| ||bul||
010 _aKNG00049652000
020 _a84-9819-031-2
040 _aBLK
041 _aBUL
_cBUL
080 _aБългарска литература
_b821.163.2
_x-32
_z821.163.2-32
100 _aХайтов, Николай Александров
_d1919-2002
_gПисател. Драматург.
_9431013
139 _aХайтов, Николай Александров
_bХ 21
245 1 0 _aДиви разкази
_cНиколай Александров Хайтов.
257 _aBGR
260 _bMediasat Group, S. A.
_c2005
_fОтпеч. в Германия
300 _a255 с.
_c21 см
380 _aX
490 _aЗлатна колекция ХХ век
_v4
_9201885
500 _aОфс. изд.
852 _aЦб 223495
856 4 _qpdf
_i0.00
_ldisable
856 4 _qpdf
_i0.00
_ldisable
942 _cKNG
_n0
_040
_s1
944 _aCR
_c25.04.2005
_k30540
_lСевдалина Тодорова
944 _aED
_c10.11.2017
_kВиолета_Тройчева
999 _d45852